[Event "Catalunya-ch U20"]
[Site "Catalunya"]
[Date "2008.03.20"]
[Round "2"]
[White "Muratet Carmona, Julia"]
[Black "Torres Serrano, Nuria"]
[Result "1/2-1/2"]
[WhiteElo "1702"]
[BlackElo "1769"]
[PlyCount "47"]
[EventDate "2008.03.19"]
[EventType "swiss"]
[EventRounds "9"]
[EventCountry "ESP"]
[SourceTitle "EXT 2010"]
[Source "ChessBase"]
[SourceDate "2010.11.25"]
[SourceVersion "1"]
[SourceVersionDate "2010.11.25"]
[SourceQuality "1"]

1. e4 c6 2. d4 d5 3. exd5 cxd5 4. Nf3 Nc6 5. Nc3 Bf5 6. Bb5 e6 7. Nh4 Bg6 8. Nxg6 hxg6 9. Be3 Qc7 10. h3 Bd6 11. Qe2 a6 12. Bxc6+ Qxc6 13. Qd2 Rc8 14. a3 Nf6 15. Rc1 Qc4 16. Qe2 Kd7 17. Qxc4 Rxc4 18. Kd2 Rhc8 19. Ne2 Ne4+ 20. Kd3 Be7 21. f3 Nd6 22. c3 Nf5 23. Bd2 Nh4 24. Rhg1 1/2-1/2

[Event "Catalunya-ch U16"]
[Site "Vila Seca"]
[Date "2007.04.03"]
[Round "7"]
[White "Torres Serrano, Nuria"]
[Black "Sabria Batlle, Pol"]
[Result "0-1"]
[WhiteElo "1866"]
[BlackElo "2017"]
[PlyCount "114"]
[EventDate "2007.03.31"]
[EventType "swiss"]
[EventRounds "8"]
[EventCountry "ESP"]
[SourceTitle "EXT 2023"]
[Source "ChessBase"]
[SourceDate "2022.10.05"]
[SourceVersion "1"]
[SourceVersionDate "2022.10.05"]
[SourceQuality "1"]

1. c4 Nf6 2. Nc3 e6 3. e4 d6 4. g3 c5 5. Bg2 Nc6 6. d3 Be7 7. Nge2 0-0 8. 0-0 a6 9. Rb1 Rb8 10. a4 b6 11. Be3 Ng4 12. Bc1 Bd7 13. b3 Qc7 14. h3 Nf6 15. Be3 Nb4 16. Qd2 Rbc8 17. Rfc1 Rfd8 18. d4 cxd4 19. Nxd4 Nc6 20. Nxc6 Bxc6 21. Qd4 Nd7 22. Rb2 Bf6 23. Qd2 Bxc3 24. Qxc3 Qb7 25. Qd4 Nc5 26. Rd1 e5 27. Qd2 Nxe4 28. Qd3 Nc5 29. Bxc6 Nxd3 30. Bxb7 Nxb2 31. Rd2 Nxc4 32. bxc4 Rxc4 33. Bxb6 Rb8 34. Bxa6 Rc1+ 35. Kg2 Rxb6 36. Bb5 g6 37. Ra2 Rc5 38. Bd7 Kg7 39. Ra3 f5 40. Kf3 d5 41. Bb5 Kf6 42. Ke3 d4+ 43. Kd3 Rd6 44. f3 g5 45. Be8 Rc3+ 46. Rxc3 dxc3+ 47. Kxc3 e4 48. f4 gxf4 49. gxf4 Rd3+ 50. Kc4 Rxh3 51. a5 Ra3 52. Kb4 e3 53. Bh5 Ra2 54. Kb5 e2 55. Bxe2 Rxe2 56. a6 Ra2 57. Kb6 h5 0-1